Африка: Страны, столицы, валюты, языки и т.д. - Statistics

General Stats
  • This quiz has been taken 10 times
    9 since last reset
  • The average score is 121 of 432
Answer Stats
Страны Африки % Correct
Египет
100%
Алжир
80%
Ангола
80%
Джибути
80%
Зимбабве
80%
Коморские острова
80%
Судан
80%
Чад
80%
арабский
60%
Бенин
60%
Ботсвана
60%
английский
60%
Буркина-Фасо
60%
Бурунди
60%
кирунди
60%
Габон
60%
Гамбия
60%
Гана
60%
Гвинея
60%
Гвинея-Бисау
60%
Каир
60%
Замбия
60%
сесото
60%
Кабо-Верде
60%
Камерун
60%
Кения
60%
Кот-д'Ивуар
60%
Лесото
60%
Либерия
60%
Ливия
60%
Маврикий
60%
Мавритания
60%
Мадагаскар
60%
Малави
60%
Мали
60%
Марокко
60%
Мозамбик
60%
Намибия
60%
Нигер
60%
Нигерия
60%
Республика Конго
60%
Руанда
60%
киньяруанда
60%
Сан-Томе и Принсипи
60%
Сан-Томе
60%
Сейшельские острова
60%
Сомали
60%
Сьерра-Леоне
60%
Танзания
60%
Того
60%
Тунис
60%
Уганда
60%
Центрально-Африканская Республика
60%
Экваториальная Гвинея
60%
Эритрея
60%
Эсватини
60%
Эфиопия
60%
Южно-Африканская Республика
60%
Южный Судан
60%
суннитский ислам
40%
португальский
40%
французский
40%
католическое христианство
40%
Демократическая Республика Конго
40%
доллар США
40%
либерийский доллар
40%
Триполи
40%
Рабат
40%
намибийский доллар
40%
Сенегал
40%
Ломе
40%
испанский
40%
православное христианство
40%
алжирский динар
20%
берберский
20%
Луанда
20%
коренная вера
20%
Порто-Ново
20%
западно-африканский франк КФА
20%
Габороне
20%
протестантское христианство
20%
Уагадугу
20%
биса
20%
Гитега
20%
бурундийский франк
20%
Либревиль
20%
центрально-африканский франк КФА
20%
Банжул
20%
Конакри
20%
гвинейский франк
20%
Бисау
20%
Киншаса
20%
конголезский франк
20%
джибутийский франк
20%
египетский фунт
20%
Лусака
20%
Хараре
20%
рэнд
20%
Прая
20%
Яунде
20%
Морони
20%
коморский франк
20%
Ямусукро
20%
Масеру
20%
Монровия
20%
ливийский динар
20%
Порт-Луи
20%
маврикийская рупия
20%
Нуакшот
20%
Антананариву
20%
Лилонгве
20%
Бамако
20%
Мапуту
20%
Виндхук
20%
Ниамей
20%
Абуджа
20%
Браззавиль
20%
Кигали
20%
руандийский франк
20%
Виктория
20%
сейшельская рупия
20%
Могадишо
20%
Хартум
20%
суданский фунт
20%
Фритаун
20%
Додома
20%
Дар-эс-Салам
20%
тунисский динар
20%
Кампала
20%
Банги
20%
Нджамена
20%
Асмэра
20%
Мбабане
20%
свати
20%
Аддис-Абеба
20%
Претория
20%
африкаанс
20%
Джуба
20%
южно-суданский фунт
20%
0,103
20%
0,248
20%
0,596
20%
0,999
20%
1,065
20%
12,606
20%
1,266
20%
1,303
20%
14,118
20%
14,287
20%
14,371
20%
14,836
20%
15,301
20%
1,655
20%
16,907
20%
18,134
20%
19,831
20%
19,988
20%
21,861
20%
2,257
20%
22,790
20%
2,299
20%
23,960
20%
24,694
20%
2,526
20%
2,633
20%
2,898
20%
2,907
20%
30,209
20%
30,335
20%
30,598
20%
32,541
20%
35,638
20%
36,607
20%
39,527
20%
39,938
20%
4,028
20%
48,929
20%
49,521
20%
5,349
20%
5,401
20%
55,003
20%
5,859
20%
62,615
20%
63,030
20%
6,379
20%
6,842
20%
71,490
20%
9,054
20%
9,644
20%
кванза
0%
Котону
0%
пула
0%
тсвана
0%
мооре
0%
фула
0%
дьюла
0%
Бужумбура
0%
суахили
0%
Серекунда
0%
даласи
0%
Аккра
0%
седи
0%
лингала
0%
замбийская квача
0%
чева
0%
золотой
0%
венда
0%
каланга
0%
койсан
0%
коса
0%
намбья
0%
ндау
0%
ндебеле
0%
тсонга
0%
чибарве
0%
шангани
0%
шона
0%
эскудо
0%
Дуала
0%
Найроби
0%
кенийский шиллинг
0%
коморский
0%
Абиджан
0%
лоти
0%
маврикийский креольский
0%
индуизм
0%
угия
0%
ариари
0%
малагасийский
0%
малавийская квача
0%
бамбара
0%
сонинке
0%
хассания
0%
бому
0%
тамашек
0%
сонгай
0%
бозо
0%
маниканкан
0%
догонский
0%
сиенара
0%
мамара
0%
хасонгаксанго
0%
Касабланка
0%
марокканский дирхам
0%
метикал
0%
хауса
0%
Лагос
0%
найра
0%
йоруба
0%
игбо
0%
китуба
0%
добра
0%
сейшельский креольский
0%
Дакар
0%
сомалийский шиллинг
0%
сомалийский
0%
леоне
0%
крио
0%
танзанийский шиллинг
0%
угандийский шиллинг
0%
биткоин
0%
санго
0%
Сьюдад-де-ла-Пас
0%
Бата
0%
накфа
0%
тигринья
0%
итальянский
0%
Лобамба
0%
Манзини
0%
лилангени
0%
быр
0%
амхарский
0%
Кейптаун
0%
Блумфонтейн
0%
Йоханнесбург
0%
зулу
0%
107,129
0%
115,999
0%
132,710
0%
239,950
0%
No matching quizzes found
Score Distribution
Percent of People with Each Score
Percentile by Number Answered
Your Score History
You have not taken this quiz since the last reset